000 00769cam a2200253 a 4500
001 4870028
005 20180123072411.0
008 920902s1993 cau b 001 0 eng
010 _a 92033022
020 _a0803948441
020 _a080394845X (pbk.)
040 _aDLC
_cDLC
_dDLC
041 _aeng
080 _a300/.72 CLA
082 0 0 _a300/.72 CLA
_220
100 _a50
101 _a50
245 0 0 _aResearching sensitive topics /
_cClaire M. Renzetti, Raymond M. Lee, editors.
504 _aIncludes bibliographical references and indexes.
906 _a7
_bcbc
_corignew
_d1
_eocip
_f19
_gy-gencatlg
942 _2ddc
_cBK
999 _c40780
_d40780